MARC

LEADER 00000nam0a2200000 4500
001 167951
005 20231031162936.0
035 |a (RuTPU)RU\TPU\book\182214 
090 |a 167951 
100 |a 20091022d1984 k y0rusy50 ca 
101 0 |a rus 
102 |a RU 
105 |a a z 001zy 
200 1 |a Методы расчета электронно-колебательных спектров многоатомных молекул   |f Л. А. Грибов, В. И. Баранов , Б. К. Новосадов  |g Академия наук СССР (АН СССР), Институт геохимии и аналитической химии (ГЕОХИ); под ред. М. А. Ельяшевича 
210 |a Москва  |c Наука  |d 1984 
215 |a 325 с.  |c ил. 
320 |a Библиография в конце глав. 
610 1 |a многоатомные молекулы 
610 1 |a электронно-колебательные спектры 
610 1 |a методы расчета 
610 1 |a свет 
610 1 |a вещество 
610 1 |a электроны 
610 1 |a многоэлектронные задачи 
610 1 |a теория МО ЛКАО 
610 1 |a электронно-колебательные взаимодействия 
610 1 |a уравнения Дирака 
675 |a 539.194  |v 3 
700 1 |a Грибов  |b Л. А.  |g Лев Александрович 
701 1 |a Баранов  |b В. И.  |g Виктор Иванович 
701 1 |a Новосадов  |b Б. К.  |g Борис Константинович 
702 1 |a Ельяшевич  |b М. А.  |4 340 
712 0 2 |a Академия наук СССР (АН СССР)  |b Институт геохимии и аналитической химии (ГЕОХИ)  |c (Москва)  |2 stltpush  |3 (RuTPU)RU\TPU\col\11383 
801 1 |a RU  |b 63413507  |c 20091022 
801 2 |a RU  |b 63413507  |c 20150617  |g RCR 
942 |c BK